Johann Christian Brandes und das deutschsprachige Theater in Riga

Titel: Johann Christian Brandes und das deutschsprachige Theater in Riga
Verfasser:
In: Pommern, (1996), Seite 234-242
alle Artikel anzeigen
Veröffentlicht: 1996
Format: Aufsatz
Sprache: Deutsch
Kein Bild verfügbar
X
alg: 39162092
001A    $01999:11-11-16 
001B    $01999:15-05-21 $t21:00:49.000 
001D    $01999:11-11-16 
001U    $0utf8 
001X    $00 
002@    $0Aox 
003@    $0391620924 
007A    $0391620924 $aHEB 
007T    $0Herd08718 
010@    $ager 
011@    $a1996 
021A    $aJohann Christian Brandes und das deutschsprachige Theater in Riga 
028A    $aBorchardt $dKarl-Heinz 
031A    $h234-242 $j1996 
039B    $aIn $8--Aau--. Pommern. - Greifswald : Steinbecker Verl. Rose, 1996. - 468 S.. - Ill., Kt.. - ISBN 3-931483-08-8 $x199600000000000766 $9050939963 
045F    $a929.0943816 $eDDC23BSB 
045F/01 $a929 
045F/03 $g43816 

lok: 39162092 78

exp: 39162092 78 1 #EPN
201B/01 $017-10-18 $t23:15:50.000 
201U/01 $0utf8 
203@/01 $0787715352 
208@/01 $a11-11-16 $be 
209A/01 $a/ $f000 $x00 
220C/01 $aTitelaufnehmer: nk 
244Z/01 $2Trx $#Pomeranija $#Pommern $#Pomoransko $#Pomořansko $#Hinterpommern;Vorpommern;Mittelpommern $#Pomorze Środkowe;Pomorze Przednie $#Pomořansko;Západní Pomořany; Pomořany $8--Trx--Pomorze Zachodnie $x01 $9391303775 
244Z/01 $#Riga $#Rīga $#Ryga $#Riega $#Riga in Lieffland $#Rigae Livonum $#Rygae $#Righa $74050042-1 $8--Tg1--Riga $x02 $9085139726 
244Z/01 $#Stettin $#Szczecin $#Stetina $#Stadtkreis Stettin $#Groß Stettin $#Sedinum $#Alten Stettin $#Olden Stettin $#Ščecinas $#Štětín $74057392-8 $8--Tg1--Stettin $x03 $9085159689 
244Z/01 $aGeschichte 1735-1799 $x04 
244Z/01 $#Brandes, Jean C. $#Brandes, J. C. $#Brandes, Jean-Chrétien $#Brandes, Johann C. $#Brandes, Johann J. $#Brandes, Joh. Christian $#Brandes, Joh. Christ. $#Brandes, Jean-Christian $#Brandes, Jean Christian $#Brandes, Johannes Christian $#Brandes, Joseph Jakob Christian $#Brandes, Jakob $7118673165 $8--Tp1--Brandes, Johann Christian$Z1735-1799 $x05 $9087014033 
244Z/01 $2Trx $#teater $#teatras $#theatre $#színház $#teatr $#divadlo $#divadlo $8--Trx--Theater $x06 $9391363646 
244Z/01 $2Trx $#näitlejad $#aktoriai $#actors $#színész $#aktorzy $#herci $#herci $#Filmschauspieler $#filmoví herci $8--Trx--Schauspieler $x07 $9391380567 
244Z/01 $2Trx $8--Trx--Einzelbeiträge $x08 $9391384570 
245Z/01 $a12.03 $x01 
247C/01 $82080>Marburg/Lahn, Herder-Institut, Forschungsbibliothek, Bibliographieportal $9336309341
LEADER 00000caa a22000002c 4500
001 391620924
003 DE-603
005 20210515210049.0
007 tu
008 161111s1996 xx |||| | u00||u|ger c
035 |a (DE-599)HEB391620924 
040 |a DE-603  |b ger  |c DE-603  |d DE-603 
041 |a ger 
082 0 4 |8 1\u  |a 929.0943816  |q DE-101  |2 23/BSB 
085 |8 1\u  |b 929 
085 |8 1\u  |z 2  |s 43816 
100 1 |a Borchardt, Karl-Heinz 
245 0 0 |a Johann Christian Brandes und das deutschsprachige Theater in Riga 
264 0 |c 1996 
773 0 8 |i In  |t Pommern  |d Greifswald : Steinbecker Verl. Rose, 1996  |h 468 S., Ill., Kt.  |z 3931483088  |g (1996), Seite 234-242  |w (DE-603)050939963 
924 0 |9 2080  |a (DE-603)787715352  |b DE-2080  |c HES  |d d  |g /